Η καρδιά
Αποθηκεύτηκε σε:
| Συγγραφή απο Οργανισμό/Αρχή: | |
|---|---|
| Μορφή: | Βιβλίο |
| Γλώσσα: | Greek |
| Δημοσίευση: |
Αθήνα :
ΕΛ.Ι.ΚΑΡ,
1996
|
| Θέματα: | |
| Ετικέτες: |
Προσθήκη ετικέτας
Δεν υπάρχουν, Καταχωρήστε ετικέτα πρώτοι!
|
MARC
| LEADER | 00000nam a2200000 i 4500 | ||
|---|---|---|---|
| 001 | 1/10084 | ||
| 008 | 970516s1996 gre d | ||
| 035 | |l 10017725 | ||
| 040 | |a GR-MY-UA |b gre |e aacr | ||
| 041 | 0 | |a gre | |
| 082 | 0 | |a 616.12 | |
| 110 | 2 | |a Ελληνικό Ιδρυμα Καρδιολογίας. | |
| 245 | 1 | 2 | |a Η καρδιά / |c Ελληνικό Ιδρυμα Καρδιολογίας |
| 260 | |a Αθήνα : |b ΕΛ.Ι.ΚΑΡ, |c 1996 | ||
| 300 | |a 350 σ. | ||
| 650 | 0 | 0 | |a Heart |x Diseases. |
| 852 | |a INST |b LESVOS |e 19970516 |h 616.12 ΚΑΡ |p 005100011275 |q 005100011275 |t BK |y 0 | ||
| 909 | |a Λ |b 050068 | ||
| 922 | |a 1ΔΩΡ |b 199704 | ||